[Event "EU-Cup 34th"]
[Site "Porto Carras"]
[Date "2018.10.14"]
[Round "3.2"]
[White "Veinberg, Nimrod"]
[Black "Lampen, Timo"]
[Result "1-0"]
[WhiteElo "2386"]
[BlackElo "2332"]
[PlyCount "67"]
[EventDate "2018.10.12"]
[EventType "team-swiss"]
[EventRounds "7"]
[EventCountry "GRE"]
[SourceTitle "CBM 187"]
[Source "ChessBase"]
[SourceDate "2018.12.11"]
[SourceVersion "1"]
[SourceVersionDate "2018.12.11"]
[SourceQuality "1"]
[WhiteTeam "Rehovot"]
[BlackTeam "Comeon"]
[WhiteTeamCountry "ISR"]
[BlackTeamCountry "FIN"]

1. d4 Nf6 2. c4 e6 3. Nc3 c5 4. d5 exd5 5. cxd5 d6 6. Nf3 g6 7. Nd2 a6 8. a4 Nbd7 9. e4 Bg7 10. Be2 0-0 11. 0-0 Re8 12. Re1 Rb8 13. Ra3 Nh5 14. Nf1 Be5 15. Bxh5 gxh5 16. Qxh5 Nf6 17. Qh4 Ng4 18. Bg5 f6 19. Bd2 f5 20. Qh5 Bd4 21. Ne3 Nxf2 22. Kxf2 f4 23. Kg1 Re5 24. Qf3 fxe3 25. Bxe3 Bxe3+ 26. Rxe3 Qe7 27. Ra1 Bf5 28. Rf1 Re8 29. Qg3+ Bg6 30. Ref3 Rg5 31. Qf2 Bxe4 32. Nxe4 Qxe4 33. Rf8+ Kg7 34. Qf6# 1-0

[Event "FIN-chT 1819"]
[Site "Finland"]
[Date "2018.09.16"]
[Round "2.4"]
[White "Lampen, Timo"]
[Black "Westerinen, Heikki MJ"]
[Result "1/2-1/2"]
[WhiteElo "2333"]
[BlackElo "2282"]
[PlyCount "89"]
[EventDate "2018.09.15"]
[EventType "team-tourn"]
[EventRounds "11"]
[EventCountry "FIN"]
[SourceTitle "CBM 187 Extra"]
[Source "ChessBase"]
[SourceDate "2018.11.04"]
[SourceVersion "1"]
[SourceVersionDate "2018.11.04"]
[SourceQuality "1"]
[WhiteTeam "Helsinki Comeon"]
[BlackTeam "Salo SalSK"]
[WhiteTeamCountry "FIN"]
[BlackTeamCountry "FIN"]

1. Nf3 Nf6 2. d4 g6 3. g3 Bg7 4. Bg2 0-0 5. 0-0 d6 6. c4 Nc6 7. Nc3 a6 8. d5 Na5 9. b3 c5 10. dxc6 Nxc6 11. Bb2 Rb8 12. Qc1 Bd7 13. Nd5 Nxd5 14. Bxg7 Kxg7 15. cxd5 Ne5 16. Nxe5 dxe5 17. Qe3 f6 18. Rfc1 Rc8 19. Rxc8 Bxc8 20. Rc1 Qa5 21. f4 exf4 22. Qxe7+ Rf7 23. Qc5 Qxc5+ 24. Rxc5 Bg4 25. d6 fxg3 26. hxg3 Rd7 27. Rc4 Be6 28. Rb4 Rxd6 29. Bxb7 Bd7 30. Be4 Bb5 31. Bf3 Rd2 32. a4 Bxe2 33. Bxe2 Rxe2 34. Rb7+ Kh6 35. Rb6 Rb2 36. Rxf6 Rxb3 37. Kg2 Ra3 38. Rxa6 Kg5 39. Kh3 h5 40. Ra5+ Kh6 41. Kg2 Ra2+ 42. Kf3 Ra3+ 43. Kf2 Ra2+ 44. Kf3 Ra3+ 45. Kg2 1/2-1/2

[Event "FIN-chT 1718"]
[Site "Finland"]
[Date "2017.12.03"]
[Round "6.4"]
[White "Kauranen, Matti"]
[Black "Lampen, Timo"]
[Result "1-0"]
[WhiteElo "2121"]
[BlackElo "2328"]
[PlyCount "55"]
[EventDate "2017.09.16"]
[EventType "team-tourn"]
[EventRounds "11"]
[EventCountry "FIN"]
[SourceTitle "EXT 2019"]
[Source "ChessBase"]
[SourceDate "2018.10.10"]
[SourceVersion "1"]
[SourceVersionDate "2018.10.10"]
[SourceQuality "1"]
[WhiteTeam "Helsinki HSK"]
[BlackTeam "Helsinki SSK"]
[WhiteTeamCountry "FIN"]
[BlackTeamCountry "FIN"]

1. d4 Nf6 2. c4 g6 3. Nc3 Bg7 4. e4 0-0 5. f4 a6 6. Nf3 b5 7. e5 Ne8 8. cxb5 axb5 9. Bxb5 c5 10. dxc5 Nc7 11. Bc4 Nba6 12. Be3 Ne6 13. 0-0 Nexc5 14. b4 Ne6 15. Nd5 Bb7 16. Qd2 d6 17. a4 dxe5 18. fxe5 Nac7 19. Rfd1 Nxd5 20. Bxd5 Bxd5 21. Qxd5 Qb8 22. b5 Rd8 23. Qe4 Qc7 24. b6 Qc3 25. b7 Rab8 26. Rxd8+ Rxd8 27. Rc1 Nc5 28. Rxc3 1-0

[Event "EU-Cup 26th"]
[Site "Plovdiv"]
[Date "2010.10.21"]
[Round "5.2"]
[White "Lampen, Timo"]
[Black "Hoffmann, Michael"]
[Result "0-1"]
[WhiteElo "2346"]
[BlackElo "2510"]
[PlyCount "40"]
[EventDate "2010.10.17"]
[EventType "team-swiss"]
[EventRounds "7"]
[EventCountry "BUL"]
[SourceTitle "CBM 139"]
[Source "ChessBase"]
[SourceDate "2010.11.18"]
[SourceVersion "1"]
[SourceVersionDate "2010.11.18"]
[SourceQuality "1"]
[WhiteTeam "Tammer Shakki"]
[BlackTeam "Solingen"]
[WhiteTeamCountry "FIN"]
[BlackTeamCountry "GER"]

1. Nf3 Nf6 2. c4 e6 3. Nc3 d5 4. d4 dxc4 5. e3 a6 6. Bxc4 b5 7. Bb3 Bb7 8. 0-0 c5 9. Qe2 Nbd7 10. e4 cxd4 11. Nxd4 Bd6 12. Rd1 Qb8 13. e5 Bxe5 14. f4 Bxf4 15. Bxf4 Qxf4 16. Bxe6 fxe6 17. Qxe6+ Kf8 18. Qe2 Nc5 19. b4 Re8 20. Qb2 Qe3+ 0-1

[Event "EU-Cup 26th"]
[Site "Plovdiv"]
[Date "2010.10.18"]
[Round "2.2"]
[White "Erturan, Yakup"]
[Black "Lampen, Timo"]
[Result "1/2-1/2"]
[WhiteElo "2366"]
[BlackElo "2346"]
[PlyCount "67"]
[EventDate "2010.10.17"]
[EventType "team-swiss"]
[EventRounds "7"]
[EventCountry "BUL"]
[SourceTitle "CBM 139"]
[Source "ChessBase"]
[SourceDate "2010.11.18"]
[SourceVersion "1"]
[SourceVersionDate "2010.11.18"]
[SourceQuality "1"]
[WhiteTeam "Manisa Doruk Koleji"]
[BlackTeam "Tammer Shakki"]
[WhiteTeamCountry "TUR"]
[BlackTeamCountry "FIN"]

1. e4 c6 2. d4 d5 3. Nc3 dxe4 4. Nxe4 Bf5 5. Ng3 Bg6 6. h4 h6 7. h5 Bh7 8. Nf3 Nd7 9. Bd3 Bxd3 10. Qxd3 e6 11. Bd2 Ngf6 12. 0-0-0 Be7 13. Kb1 0-0 14. c4 Qc7 15. Ne4 Rfd8 16. g4 Nxg4 17. Rhg1 f5 18. Nc3 Bf6 19. Qe2 e5 20. dxe5 Ndxe5 21. Bf4 Qa5 22. Nd4 Qb4 23. Bxe5 Nxe5 24. Nxf5 Qxc4 25. Nxh6+ Kf8 26. Qxc4 Nxc4 27. Ng4 Rxd1+ 28. Rxd1 Rd8 29. h6 Rxd1+ 30. Nxd1 Kg8 31. hxg7 Bxg7 32. Kc2 Kf7 33. Nge3 Nd6 34. Kd3 1/2-1/2

[Event "EU-Cup 24th"]
[Site "Kallithea"]
[Date "2008.10.23"]
[Round "7"]
[White "Ocantos, Manuel"]
[Black "Lampen, Timo"]
[Result "0-1"]
[WhiteElo "2136"]
[BlackElo "2337"]
[PlyCount "126"]
[EventDate "2008.10.17"]
[EventType "team-swiss"]
[EventRounds "7"]
[EventCountry "GRE"]
[SourceTitle "CBM 127"]
[Source "ChessBase"]
[SourceDate "2008.11.13"]
[SourceVersion "1"]
[SourceVersionDate "2008.11.13"]
[SourceQuality "1"]
[WhiteTeam "Luxembourg Bonnevoie"]
[BlackTeam "Tampere"]
[WhiteTeamCountry "LUX"]
[BlackTeamCountry "FIN"]

1. e4 c5 2. Nf3 d6 3. d4 cxd4 4. Nxd4 Nf6 5. Nc3 g6 6. Bc4 Bg7 7. Be3 0-0 8. f3 Nc6 9. Qd2 Bd7 10. 0-0-0 Qb8 11. h4 b5 12. Bb3 a5 13. Nxc6 Bxc6 14. Nd5 Bxd5 15. Bxd5 Ra6 16. a3 Rc8 17. Kb1 b4 18. a4 Nxd5 19. Qxd5 Rac6 20. Rd2 Qc7 21. Qb3 Rc4 22. h5 d5 23. exd5 Qd7 24. Re1 Rc3 25. bxc3 Rxc3 26. Qb2 Rxe3 27. Qxg7+ Kxg7 28. Rxe3 Kf6 29. hxg6 hxg6 30. Red3 Qxa4 31. d6 exd6 32. Rxd6+ Kg7 33. Rb6 Qe8 34. Ka2 Qe3 35. Rbd6 a4 36. R6d3 Qe6+ 37. Kb1 Qc4 38. Rd4 Qf1+ 39. Rd1 Qxg2 40. Rxb4 Qxf3 41. Rd3 Qc6 42. Ra3 f5 43. Rbxa4 Qb5+ 44. Kc1 Qf1+ 45. Kb2 f4 46. c4 Qe2+ 47. Kc3 f3 48. Ra7+ Kh6 49. Ra1 f2 50. Rh1+ Kg5 51. Raa1 Kf4 52. c5 g5 53. Kb4 g4 54. c6 g3 55. Kc5 g2 56. Rhc1 f1Q 57. Rxf1+ gxf1Q 58. Rxf1+ Qxf1 59. Kb6 Qb1+ 60. Ka7 Qa2+ 61. Kb8 Qb3+ 62. Kc8 Ke5 63. c7 Kd6 0-1

[Event "EU-Cup 24th"]
[Site "Kallithea"]
[Date "2008.10.21"]
[Round "5"]
[White "Lampen, Timo"]
[Black "Zivkovic, Vjekoslav"]
[Result "1/2-1/2"]
[WhiteElo "2337"]
[BlackElo "2429"]
[PlyCount "52"]
[EventDate "2008.10.17"]
[EventType "team-swiss"]
[EventRounds "7"]
[EventCountry "GRE"]
[SourceTitle "CBM 127"]
[Source "ChessBase"]
[SourceDate "2008.11.13"]
[SourceVersion "1"]
[SourceVersionDate "2008.11.13"]
[SourceQuality "1"]
[WhiteTeam "Tampere"]
[BlackTeam "Siroki Brijeg"]
[WhiteTeamCountry "FIN"]
[BlackTeamCountry "BIH"]

1. d4 Nf6 2. c4 g6 3. Nc3 Bg7 4. e4 d6 5. f4 0-0 6. Nf3 c5 7. d5 e6 8. dxe6 fxe6 9. Bd3 Nc6 10. 0-0 e5 11. f5 Nd4 12. Ng5 h6 13. Nh3 gxf5 14. exf5 e4 15. Nxe4 Bxf5 16. Nxf6+ Qxf6 17. Bxf5 Nxf5 18. Qd5+ Rf7 19. Bf4 Qd4+ 20. Qxd4 Bxd4+ 21. Kh1 Bxb2 22. Rad1 Bd4 23. g4 Ne3 24. Bxe3 Bxe3 25. Rfe1 Re8 26. Kg2 Re5 1/2-1/2

[Event "FIN-chT 0809"]
[Site "Finland"]
[Date "2008.09.07"]
[Round "2.5"]
[White "Issakainen, Ari"]
[Black "Lampen, Timo"]
[Result "0-1"]
[WhiteElo "2222"]
[BlackElo "2337"]
[PlyCount "90"]
[EventDate "2008.09.06"]
[EventType "team-tourn"]
[EventRounds "9"]
[EventCountry "FIN"]
[SourceTitle "EXT 2022"]
[Source "ChessBase"]
[SourceDate "2021.10.06"]
[SourceVersion "1"]
[SourceVersionDate "2021.10.06"]
[SourceQuality "1"]
[WhiteTeam "Helsinki Aatos"]
[BlackTeam "Tampere Tammer"]
[WhiteTeamCountry "FIN"]
[BlackTeamCountry "FIN"]

1. d4 Nf6 2. c4 g6 3. g3 Bg7 4. Bg2 0-0 5. Nc3 d6 6. Nf3 Nc6 7. d5 Na5 8. Nd2 c5 9. 0-0 a6 10. Qc2 Rb8 11. b3 b5 12. Bb2 e5 13. dxe6 fxe6 14. Rad1 bxc4 15. bxc4 Ng4 16. Ba1 Ne5 17. Nce4 Qc7 18. Bh3 d5 19. Ng5 Qe7 20. cxd5 Qxg5 21. Qxc5 Rb5 22. Qc7 Rxd5 23. Qxc8 Rxc8 24. Bxe6+ Kh8 25. Bxd5 Qe7 26. Rc1 Rd8 27. e4 Nd3 28. Bxg7+ Qxg7 29. Rb1 Rf8 30. Nc4 Nxc4 31. Bxc4 Qd4 32. Bxd3 Qxd3 33. Rbe1 Re8 34. e5 Qd4 35. e6 Qd6 36. Rc1 Qxe6 37. Rfd1 Qe2 38. a4 Rf8 39. Rf1 Qa2 40. Ra1 Qc2 41. a5 Rf5 42. g4 Rf4 43. h3 Qc3 44. Kg2 Qf3+ 45. Kh2 h5 0-1

[Event "FIN-chT 0708"]
[Site "Finland"]
[Date "2008.02.10"]
[Round "7.5"]
[White "Sorsa, Nuutti"]
[Black "Lampen, Timo"]
[Result "0-1"]
[WhiteElo "2226"]
[BlackElo "2345"]
[PlyCount "62"]
[EventDate "2007.09.15"]
[EventType "team-tourn"]
[EventRounds "9"]
[EventCountry "FIN"]
[SourceTitle "EXT 2022"]
[Source "ChessBase"]
[SourceDate "2021.10.06"]
[SourceVersion "1"]
[SourceVersionDate "2021.10.06"]
[SourceQuality "1"]
[WhiteTeam "Turku TS"]
[BlackTeam "Tampere OpusCapita"]
[WhiteTeamCountry "FIN"]
[BlackTeamCountry "FIN"]

1. e4 c5 2. Nf3 d6 3. d4 cxd4 4. Nxd4 Nf6 5. Nc3 g6 6. Be3 Bg7 7. f3 0-0 8. Qd2 Nc6 9. 0-0-0 Nxd4 10. Bxd4 Be6 11. Kb1 Qc7 12. g4 Rfc8 13. h4 Qa5 14. Qg5 b5 15. Qxb5 Qc7 16. Qa4 Rab8 17. Bd3 Bd7 18. Nb5 Qb7 19. Nxd6 exd6 20. Qxa7 Qc6 21. Qa6 Qc7 22. Rhe1 Ra8 23. Qb6 Qxb6 24. Bxb6 Nxg4 25. fxg4 Rcb8 26. Bb5 Rxb6 27. Bxd7 Rxb2+ 28. Kc1 Raxa2 29. Kd2 Rxc2+ 30. Ke3 Rg2 31. Rg1 Ra3+ 0-1

[Event "FIN-chT 0708"]
[Site "Finland"]
[Date "2008.02.09"]
[Round "6.5"]
[White "Lampen, Timo"]
[Black "Molander, Riku"]
[Result "1/2-1/2"]
[WhiteElo "2345"]
[BlackElo "2293"]
[PlyCount "85"]
[EventDate "2007.09.15"]
[EventType "team-tourn"]
[EventRounds "9"]
[EventCountry "FIN"]
[SourceTitle "EXT 2022"]
[Source "ChessBase"]
[SourceDate "2021.10.06"]
[SourceVersion "1"]
[SourceVersionDate "2021.10.06"]
[SourceQuality "1"]
[WhiteTeam "Tampere OpusCapita"]
[BlackTeam "Helsinki Velhot"]
[WhiteTeamCountry "FIN"]
[BlackTeamCountry "FIN"]

1. e4 c5 2. Nf3 d6 3. d4 cxd4 4. Nxd4 Nf6 5. Nc3 g6 6. Bc4 Bg7 7. 0-0 0-0 8. Re1 Nc6 9. h3 Nxd4 10. Qxd4 Be6 11. Qd3 Bxc4 12. Qxc4 Qc8 13. Qb3 Re8 14. Bg5 Nd7 15. Nd5 Nc5 16. Qa3 Kf8 17. c3 Ne6 18. Be3 Nc5 19. e5 b6 20. exd6 exd6 21. Bf4 Qc6 22. c4 Re6 23. Rad1 Be5 24. Bh6+ Kg8 25. Qf3 Rc8 26. Bg5 Qe8 27. b3 Nd7 28. Kf1 Kg7 29. Nf4 Bxf4 30. Bxf4 Ne5 31. Qc3 f6 32. Qd2 b5 33. cxb5 Qxb5+ 34. Kg1 Rce8 35. Qd5 Qxd5 36. Rxd5 Nf3+ 37. gxf3 Rxe1+ 38. Kg2 Ra1 39. Ra5 g5 40. Rxa7+ Kg6 41. Bxd6 Re2 42. a4 h5 43. Rb7 1/2-1/2

[Event "EU-Cup 23rd"]
[Site "Kemer"]
[Date "2007.10.08"]
[Round "6.3"]
[White "Lampen, Timo"]
[Black "Can, Emre"]
[Result "0-1"]
[WhiteElo "2345"]
[BlackElo "2436"]
[PlyCount "60"]
[EventDate "2007.10.03"]
[EventType "team-swiss"]
[EventRounds "7"]
[EventCountry "TUR"]
[SourceTitle "CBM 121"]
[Source "ChessBase"]
[SourceDate "2007.11.14"]
[SourceVersion "1"]
[SourceVersionDate "2007.11.14"]
[SourceQuality "1"]
[WhiteTeam "Tampere"]
[BlackTeam "Turk Hava Yollari"]
[WhiteTeamCountry "FIN"]
[BlackTeamCountry "TUR"]

1. e4 c5 2. Nc3 Nc6 3. f4 g6 4. Nf3 Bg7 5. Bc4 e6 6. d3 Nge7 7. 0-0 0-0 8. Qe1 d5 9. Bb3 b6 10. Qh4 Nd4 11. f5 exf5 12. Nxd5 Nxd5 13. Qxd8 Rxd8 14. Bxd5 Rxd5 15. exd5 Nxc2 16. Rb1 Bb7 17. d6 Rd8 18. Bf4 Bxf3 19. Rxf3 Nd4 20. Re3 Ne6 21. Be5 Bxe5 22. Rxe5 Rxd6 23. b4 Rxd3 24. bxc5 bxc5 25. Rb7 c4 26. Rxa7 Rd1+ 27. Kf2 c3 28. Ra8+ Kg7 29. Rc8 Rd2+ 30. Re2 Nd4 0-1

[Event "FIN-chT 0708"]
[Site "Finland"]
[Date "2007.09.15"]
[Round "1.5"]
[White "Kosmo, Santul"]
[Black "Lampen, Timo"]
[Result "0-1"]
[WhiteElo "2262"]
[BlackElo "2345"]
[PlyCount "84"]
[EventDate "2007.09.15"]
[EventType "team-tourn"]
[EventRounds "9"]
[EventCountry "FIN"]
[SourceTitle "EXT 2022"]
[Source "ChessBase"]
[SourceDate "2021.10.06"]
[SourceVersion "1"]
[SourceVersionDate "2021.10.06"]
[SourceQuality "1"]
[WhiteTeam "Joensuu SK"]
[BlackTeam "Tampere OpusCapita"]
[WhiteTeamCountry "FIN"]
[BlackTeamCountry "FIN"]

1. c4 c6 2. e4 d6 3. d4 Nf6 4. Nc3 Nbd7 5. g4 h6 6. Be3 e5 7. f3 Be7 8. d5 Nf8 9. Qd2 N6d7 10. 0-0-0 Ng6 11. Kb1 c5 12. Bd3 Nh4 13. Rf1 Nf8 14. Bc2 a6 15. Nge2 Nfg6 16. Ng3 Bg5 17. Nf5 Qf6 18. Nxh4 Bxe3 19. Qxe3 Qxh4 20. Ba4+ Ke7 21. Ne2 Rb8 22. b4 b5 23. cxb5 axb5 24. Bc2 c4 25. Nc3 Bd7 26. Ka1 Qg5 27. Qf2 Rb7 28. h4 Qf4 29. h5 Nf8 30. Rd1 Nh7 31. Ne2 Qf6 32. Qg3 Ra8 33. Kb2 Rba7 34. Nc3 Ra3 35. Bb1 Ng5 36. Rhf1 Rxc3 37. Kxc3 Nxe4+ 38. fxe4 Ra3+ 39. Kb2 Rxg3 40. Rxf6 Kxf6 41. a4 Rb3+ 42. Kc2 bxa4 0-1

[Event "FIN-chT 0607"]
[Site "Finland"]
[Date "2007.03.10"]
[Round "8.4"]
[White "Lampen, Timo"]
[Black "Polaczek, Richard"]
[Result "1/2-1/2"]
[WhiteElo "2332"]
[BlackElo "2423"]
[PlyCount "64"]
[EventDate "2006.09.14"]
[EventType "team-tourn"]
[EventRounds "9"]
[EventCountry "FIN"]
[SourceTitle "EXT 2022"]
[Source "ChessBase"]
[SourceDate "2021.10.06"]
[SourceVersion "1"]
[SourceVersionDate "2021.10.06"]
[SourceQuality "1"]
[WhiteTeam "Tampere OpusCapita"]
[BlackTeam "Helsinki Velhot"]
[WhiteTeamCountry "FIN"]
[BlackTeamCountry "FIN"]

1. d4 e6 2. c4 Nf6 3. Nc3 Bb4 4. f3 d5 5. a3 Bxc3+ 6. bxc3 c5 7. cxd5 Nxd5 8. dxc5 f5 9. Nh3 0-0 10. Nf4 Nc6 11. Nxd5 exd5 12. e3 Be6 13. Rb1 Qc7 14. Be2 Rac8 15. 0-0 Na5 16. Qa4 Rfd8 17. Rd1 b6 18. cxb6 axb6 19. Qb4 Rb8 20. Bd2 Nc4 21. Bxc4 Qxc4 22. Be1 Rdc8 23. Bg3 Rb7 24. Be5 Qc6 25. Bd4 Ra8 26. Rd2 Ra4 27. Qb3 b5 28. Rdb2 Qa6 29. Bc5 Rc4 30. Bd4 Ra4 31. Bc5 Rc4 32. Bd4 Ra4 1/2-1/2

[Event "FIN-chT 0506"]
[Site "Finland"]
[Date "2006.02.11"]
[Round "7.3"]
[White "Maki Uuro, Miika"]
[Black "Lampen, Timo"]
[Result "1-0"]
[WhiteElo "2390"]
[BlackElo "2340"]
[PlyCount "48"]
[EventDate "2005.09.10"]
[EventType "team-tourn"]
[EventRounds "9"]
[EventCountry "FIN"]
[SourceTitle "EXT 2022"]
[Source "ChessBase"]
[SourceDate "2021.10.06"]
[SourceVersion "1"]
[SourceVersionDate "2021.10.06"]
[SourceQuality "1"]
[WhiteTeam "Espoo MatSK"]
[BlackTeam "Tampere OpusCapita"]
[WhiteTeamCountry "FIN"]
[BlackTeamCountry "FIN"]

1. Nf3 Nf6 2. c4 g6 3. Nc3 Bg7 4. e4 d6 5. d4 0-0 6. Be2 e5 7. 0-0 Nc6 8. d5 Ne7 9. b4 Nh5 10. Re1 f5 11. Ng5 Nf6 12. Bf3 h6 13. Ne6 Bxe6 14. dxe6 c6 15. b5 Ne8 16. Ba3 fxe4 17. Bxe4 Rf6 18. bxc6 bxc6 19. Rb1 Rxe6 20. Qa4 Qc8 21. Red1 Bf8 22. Rd3 Rf6 23. Bf3 Qe6 24. Rb7 Rf4 1-0

[Event "FIN-chT 0304"]
[Site "Finland"]
[Date "2004.03.13"]
[Round "8.2"]
[White "Lampen, Timo"]
[Black "Kauppinen, Martti"]
[Result "1/2-1/2"]
[WhiteElo "2328"]
[BlackElo "2209"]
[PlyCount "96"]
[EventDate "2003.09.06"]
[EventType "team-tourn"]
[EventRounds "9"]
[EventCountry "FIN"]
[SourceTitle "EXT 2022"]
[Source "ChessBase"]
[SourceDate "2021.10.06"]
[SourceVersion "1"]
[SourceVersionDate "2021.10.06"]
[SourceQuality "1"]
[WhiteTeam "Vammala SK"]
[BlackTeam "Espoo MatSK II"]
[WhiteTeamCountry "FIN"]
[BlackTeamCountry "FIN"]

1. e4 c5 2. Nf3 g6 3. d4 Bg7 4. Nc3 cxd4 5. Nxd4 Nc6 6. Be3 Nf6 7. Be2 0-0 8. Nb3 d6 9. 0-0 Be6 10. f4 Qc8 11. h3 Rd8 12. Nd4 Nxd4 13. Bxd4 Bc4 14. Bd3 d5 15. e5 Ne4 16. Qe1 Nxc3 17. Qxc3 e6 18. Rf2 Bf8 19. Rd1 b5 20. Qe1 b4 21. Qe3 a5 22. g4 Ra6 23. Rdf1 Bh6 24. Qg3 Bg7 25. Kh1 Re8 26. h4 Rc6 27. h5 Bxd3 28. cxd3 Qc7 29. Qf3 Qd7 30. Rh2 Rec8 31. Qh3 Rc1 32. hxg6 hxg6 33. Be3 Rxf1+ 34. Qxf1 d4 35. Bg1 Qd5+ 36. Qg2 Qxa2 37. Qb7 Rd8 38. Rc2 Qd5+ 39. Qxd5 Rxd5 40. Rc4 f6 41. exf6 Bxf6 42. Kg2 g5 43. Kf3 gxf4 44. Kxf4 Kf7 45. Ke4 Re5+ 46. Kf3 Rd5 47. Ke4 Rg5 48. Kf3 Rd5 1/2-1/2

[Event "FIN-chT 0304"]
[Site "Finland"]
[Date "2003.09.20"]
[Round "1.2"]
[White "Lampen, Timo"]
[Black "Mertanen, Janne"]
[Result "1-0"]
[WhiteElo "2328"]
[BlackElo "2269"]
[PlyCount "55"]
[EventDate "2003.09.06"]
[EventType "team-tourn"]
[EventRounds "9"]
[EventCountry "FIN"]
[SourceTitle "EXT 2022"]
[Source "ChessBase"]
[SourceDate "2021.10.06"]
[SourceVersion "1"]
[SourceVersionDate "2021.10.06"]
[SourceQuality "1"]
[WhiteTeam "Vammala SK"]
[BlackTeam "Tampere Taraus"]
[WhiteTeamCountry "FIN"]
[BlackTeamCountry "FIN"]

1. e4 c5 2. Nf3 d6 3. d4 cxd4 4. Qxd4 Nc6 5. Bb5 Bd7 6. Bxc6 Bxc6 7. Nc3 Nf6 8. Bg5 e6 9. 0-0-0 Be7 10. Rhe1 0-0 11. Kb1 Qc7 12. Qd2 Rfc8 13. Nd4 b5 14. f4 Rab8 15. e5 dxe5 16. fxe5 b4 17. Ncb5 Bxb5 18. exf6 gxf6 19. Bf4 e5 20. Nf5 Kh8 21. Bh6 Rg8 22. Qf2 Rg6 23. Be3 a5 24. h4 Bc6 25. g3 a4 26. h5 Rg4 27. Nxe7 Qxe7 28. Bc5 1-0

[Event "FIN-chT1C 0203"]
[Site "Finland"]
[Date "2003.??.??"]
[Round "6.1"]
[White "Lampen, Timo"]
[Black "Rantanen, Yrjo A"]
[Result "0-1"]
[WhiteElo "2315"]
[BlackElo "2353"]
[PlyCount "72"]
[EventDate "2002.10.??"]
[EventType "team-tourn"]
[EventRounds "11"]
[EventCountry "FIN"]
[SourceTitle "EXT 2022"]
[Source "ChessBase"]
[SourceDate "2021.10.06"]
[SourceVersion "1"]
[SourceVersionDate "2021.10.06"]
[SourceQuality "1"]
[WhiteTeam "Vammala SK"]
[BlackTeam "Tampere SY"]
[WhiteTeamCountry "FIN"]
[BlackTeamCountry "FIN"]

1. d4 Nf6 2. Nf3 g6 3. c4 Bg7 4. Nc3 d5 5. cxd5 Nxd5 6. e4 Nxc3 7. bxc3 0-0 8. Rb1 c5 9. Be2 b6 10. 0-0 Bb7 11. Qd3 Ba6 12. Qe3 cxd4 13. cxd4 Bxe2 14. Qxe2 Qd7 15. d5 e6 16. Rd1 exd5 17. Rxd5 Qa4 18. e5 Nc6 19. e6 fxe6 20. Qxe6+ Kh8 21. Be3 Qxa2 22. Rbd1 Nb4 23. Rd6 Qxe6 24. Rxe6 Rfd8 25. Rb1 Nd5 26. Bg5 Rd7 27. Rbe1 h6 28. Bc1 Kh7 29. h4 Rc8 30. Ba3 b5 31. Ne5 Bxe5 32. R1xe5 b4 33. Bb2 a5 34. Ra6 Rc2 35. Bd4 Rd2 36. Re4 Nc7 0-1

[Event "EU-Cup 18th"]
[Site "Kallithea"]
[Date "2002.09.28"]
[Round "7.3"]
[White "Karlsson, Agust Sindri"]
[Black "Lampen, Timo"]
[Result "1/2-1/2"]
[WhiteElo "2347"]
[BlackElo "2315"]
[PlyCount "101"]
[EventDate "2002.09.22"]
[EventType "team-swiss"]
[EventRounds "7"]
[EventCountry "GRE"]
[SourceTitle "CBM 092"]
[Source "ChessBase"]
[SourceDate "2003.02.06"]
[SourceVersion "1"]
[SourceVersionDate "2003.02.06"]
[SourceQuality "1"]
[WhiteTeam "Reykjavik Hellir"]
[BlackTeam "Joensuu SK"]
[WhiteTeamCountry "ISL"]
[BlackTeamCountry "FIN"]

1. e4 e6 2. d4 d5 3. Nd2 Nf6 4. e5 Nfd7 5. Bd3 c5 6. c3 Nc6 7. Ne2 cxd4 8. cxd4 Qb6 9. Nf3 f6 10. Nf4 fxe5 11. Nxe6 Nf6 12. dxe5 Ng4 13. Ned4 Bb4+ 14. Ke2 Nxd4+ 15. Nxd4 Nxf2 16. Bb5+ Qxb5+ 17. Nxb5 Nxd1 18. h3 Nf2 19. Kxf2 0-0+ 20. Kg3 Bd7 21. Nc7 Rac8 22. Nxd5 Bc5 23. Bf4 Bc6 24. Rhd1 Rcd8 25. Nc7 Bf2+ 26. Kxf2 Rxf4+ 27. Kg3 Rfd4 28. Rxd4 Rxd4 29. Ne6 Rd2 30. Rf1 Rxg2+ 31. Kh4 h6 32. Rf8+ Kh7 33. Nd4 Rxb2 34. e6 Rb4 35. Rd8 Kg6 36. Kg3 Kf6 37. Rf8+ Ke7 38. Rf7+ Kd6 39. Nxc6 bxc6 40. Rxa7 Kxe6 41. Rxg7 c5 42. Rg6+ Kd5 43. Rxh6 c4 44. Kf3 Ra4 45. Ke3 Ra3+ 46. Kd2 Rxa2+ 47. Kc3 Ra3+ 48. Kc2 Rg3 49. Rh8 Kd4 50. Rd8+ Kc5 51. Rc8+ 1/2-1/2

[Event "EU-Cup 18th"]
[Site "Kallithea"]
[Date "2002.09.25"]
[Round "4.3"]
[White "Lampen, Timo"]
[Black "Burgess, Graham"]
[Result "1-0"]
[WhiteElo "2315"]
[BlackElo "2309"]
[PlyCount "63"]
[EventDate "2002.09.22"]
[EventType "team-swiss"]
[EventRounds "7"]
[EventCountry "GRE"]
[SourceTitle "CBM 092"]
[Source "ChessBase"]
[SourceDate "2003.02.06"]
[SourceVersion "1"]
[SourceVersionDate "2003.02.06"]
[SourceQuality "1"]
[WhiteTeam "Joensuu SK"]
[BlackTeam "Bristol"]
[WhiteTeamCountry "FIN"]
[BlackTeamCountry "ENG"]

1. d4 d5 2. Nf3 Nf6 3. c4 c6 4. e3 Bg4 5. cxd5 Bxf3 6. Qxf3 cxd5 7. Nc3 e6 8. Qd1 Nbd7 9. Bd3 Be7 10. 0-0 0-0 11. Bd2 Qb8 12. Qb3 Rc8 13. Rfc1 Ne8 14. e4 dxe4 15. Bxe4 Nb6 16. d5 e5 17. d6 Nxd6 18. Nd5 Bd8 19. Nxb6 Bxb6 20. Bd5 Rxc1+ 21. Rxc1 Qe8 22. Bb4 Rc8 23. Re1 Bc5 24. Bc3 e4 25. Qd1 e3 26. fxe3 Nb5 27. Bxb7 Nxc3 28. bxc3 Bxe3+ 29. Kh1 Rd8 30. Qf3 Qe7 31. Be4 f5 32. Bd5+ 1-0

[Event "EU-Cup 18th"]
[Site "Kallithea"]
[Date "2002.09.23"]
[Round "2.3"]
[White "Lampen, Timo"]
[Black "Rama, Lorenc"]
[Result "0-1"]
[WhiteElo "2315"]
[BlackElo "2348"]
[PlyCount "104"]
[EventDate "2002.09.22"]
[EventType "team-swiss"]
[EventRounds "7"]
[EventCountry "GRE"]
[SourceTitle "CBM 092"]
[Source "ChessBase"]
[SourceDate "2003.02.06"]
[SourceVersion "1"]
[SourceVersionDate "2003.02.06"]
[SourceQuality "1"]
[WhiteTeam "Joensuu SK"]
[BlackTeam "Tirana Studenti"]
[WhiteTeamCountry "FIN"]
[BlackTeamCountry "ALB"]

1. d4 Nf6 2. Nf3 g6 3. c4 Bg7 4. Nc3 0-0 5. e4 d6 6. Be2 e5 7. 0-0 Nc6 8. d5 Ne7 9. b4 Nh5 10. Re1 f5 11. Ng5 Nf6 12. Bf3 c6 13. Be3 h6 14. Ne6 Bxe6 15. dxe6 fxe4 16. Nxe4 Nxe4 17. Bxe4 d5 18. Bc5 dxe4 19. Qxd8 Rfxd8 20. Bxe7 Re8 21. Bd6 Rxe6 22. Rad1 e3 23. fxe3 e4 24. Bc5 Bc3 25. Rf1 b6 26. Bd4 Bxb4 27. Bb2 Rf8 28. Rd7 Rxf1+ 29. Kxf1 Rd6 30. Rg7+ Kf8 31. Be5 Rd1+ 32. Ke2 Rd2+ 33. Kf1 Bc5 34. Rxg6 Bxe3 35. Rg4 Rf2+ 36. Ke1 Rxa2 37. Rxe4 Bc5 38. g4 b5 39. cxb5 cxb5 40. Kd1 b4 41. Rc4 Be7 42. Kc1 a5 43. Kb1 Re2 44. Bf4 Re1+ 45. Kc2 a4 46. Bxh6+ Kf7 47. Bd2 b3+ 48. Kb2 Bf6+ 49. Bc3 Re2+ 50. Kb1 a3 51. Rf4 Re1+ 52. Bxe1 a2+ 0-1